Central Library OPAC University of Rajshahi

Chloroplasts and mitochondria / (Record no. 12365)

MARC details
000 -LEADER
fixed length control field 00967nam a2200313 a 4500
001 - CONTROL NUMBER
control field 12365
003 - CONTROL NUMBER IDENTIFIER
rucl marc code BD-RjUL
005 - DATE AND TIME OF LATEST TRANSACTION
control field 20211208235300.0
008 - FIXED-LENGTH DATA ELEMENTS--GENERAL INFORMATION
fixed length control field 140128s1982 enka b 001 0 eng
020 ## - INTERNATIONAL STANDARD BOOK NUMBER
International Standard Book Number 0713128283
035 ## - SYSTEM CONTROL NUMBER
System control number (BD-RjUL)12414
040 ## - CATALOGING SOURCE
Original cataloging agency BD-RjUL
Language of cataloging eng
Transcribing agency BD-RjUL
041 ## - LANGUAGE CODE
Language code of text/sound track or separate title eng
082 00 - DEWEY DECIMAL CLASSIFICATION NUMBER
Classification number 581.8733
Author mark and year TRC 1982
100 1# - MAIN ENTRY--PERSONAL NAME
Personal name Tribe, Michael A.
9 (RLIN) 35937
245 10 - TITLE STATEMENT
Title Chloroplasts and mitochondria /
Statement of responsibility, etc. by Michael Tribe, Peter Whittaker
250 ## - EDITION STATEMENT
Edition statement 2nd ed.
260 ## - PUBLICATION, DISTRIBUTION, ETC. (IMPRINT)
Place of publication, distribution, etc. London :
Name of publisher, distributor, etc. Edward Arnold,
Date of publication, distribution, etc. 1982.
300 ## - PHYSICAL DESCRIPTION
Pagination iii, 83 p :
Illustrations ill ;
Size 22 cm.
490 1# - SERIES STATEMENT
Series statement Institute of Biology's studies in biology ;
Volume/sequential designation no.31
500 ## - GENERAL NOTE
General note Previous ed.: 1972
504 ## - BIBLIOGRAPHY, ETC. NOTE
Bibliography, etc Includes bibliography and index.
650 #0 - SUBJECT ADDED ENTRY--TOPICAL TERM
Topical term or geographic name as entry element Plant cells and tissues
9 (RLIN) 38408
Topical term or geographic name as entry element Mitochondria
9 (RLIN) 33196
700 1# - ADDED ENTRY--PERSONAL NAME
Personal name Whittaker, Peter,
Dates associated with a name 1939-
830 #0 - SERIES ADDED ENTRY--UNIFORM TITLE
Volume number/sequential designation no.31
830 #0 - SERIES ADDED ENTRY--UNIFORM TITLE
Uniform title Institute of Biology's studies in biology ;
942 ## - ADDED ENTRY ELEMENTS (KOHA)
Source of classification or shelving scheme Dewey Decimal Classification
Koha item type Books
Holdings
Lost status Source of classification or shelving scheme Damaged status Not for loan Collection code Permanent Location Current Location Shelving location Date acquired Source of acquisition Cost, normal purchase price Total Checkouts Full call number Date last seen Copy number Koha item type
  Dewey Decimal Classification   Not For Loan Non-fiction Central Library, University of Rajshahi Central Library, University of Rajshahi Reading Room 12/05/1983 Heffers. 2.75   581.8733 TRC 1982 28/01/2014 C-1 Books